Nr. 1 Hits in Deutschland 2017 - Statistiken

Allgemein
  • Dieses Quiz wurde 125 mal gespielt
  • Das Durchschnittsergebnis liegt bei 5 aus 8
Antwortstatistiken
Wochen auf Platz 1 Lied Interpret % Korrekt
15 Wochen Shape of You Ed Sheeran
100%
9 Wochen Was du Liebe nennst Bausa
82%
10 Wochen Perfect Ed Sheeran
74%
17 Wochen Despacito Luis Fonsi feat. Daddy Yankee
74%
3 Wochen Señorita Kay One feat. Pietro Lombardi
56%
3 Wochen Rockabye Clean Bandit feat.Sean Paul & Anne-Marie
46%
1 Woche Sturmmaske auf (Intro) Kollegah & Farid Bang
30%
3 Wochen More Than You Know Axwell Λ Ingrosso
29%
Keine übereinstimmenden Quizze gefunden
Verteilung der Resultate
Anzahl Personen mit jedem Resultat
Perzentil nach korrekt beantworteten Fragen
Ihre Resultats-Entwicklung
Sie haben dieses Quiz noch nicht gespielt